Reflexiones de un alojado
Spremljeno u:
| Glavni autor: | |
|---|---|
| Format: | Knjiga |
| Jezik: | španjolski |
| Izdano: |
Santiago
Nascimento
1939
|
| Teme: | |
| Oznake: |
Dodaj oznaku
Bez oznaka, Budi prvi tko označuje ovaj zapis!
|
MARC
| LEADER | 00000nam a2200000 a 4500 | ||
|---|---|---|---|
| 001 | UCZ0903 | ||
| 003 | CL-VaPUC | ||
| 008 | 950810e19390000CL |||||||||||||||||spa|d | ||
| 082 | 0 | 4 | |a Ch864 |b GUZ |2 21 |
| 100 | 0 | |a Guzmán, Galvarino |e author |9 344193 | |
| 245 | 1 | 0 | |a Reflexiones de un alojado |
| 300 | |a 304 p | ||
| 942 | |c BK | ||
| 945 | |d 19950810 00:00:00 |a rbrito | ||
| 260 | |a Santiago |b Nascimento |c 1939 | ||
| 650 | 0 | |a Ensayos chilenos |9 269132 | |
| 583 | |a last modification |c 19950810 00:00:00 |k Rodrigo Vera | ||
| 999 | |c 237770 |d 237768 | ||